Biblioteki Polonii Amerykańskiej
Biblioteka Instytutu Józefa Piłsudskiego w Ameryce
Library of the Józef Piłsudski Institute of America
Biblioteka imienia Alfreda Jurzykowskiego Polskiego Instytutu Naukowego w Ameryce
The Alfred Jurzykowski Memorial Library of the Polish Institute of Arts & Sciences of America
Biblioteka Marjanczyków Polskiej Fundacji Kulturalnej
The Marjanczyk Library of the Polish Cultural Foundation

Biblioteka Fundacji Kościuszkowskiej
Library of the Kosciuszko Foundation

Wisła : (Record no. 91115)

MARC details
000 -LEADER
fixed length control field 02508nam a2200793 i 4500
001 - CONTROL NUMBER
control field 991053079641905066
003 - CONTROL NUMBER IDENTIFIER
control field NyNyJPI
005 - DATE AND TIME OF LATEST TRANSACTION
control field 20260413200348.0
008 - FIXED-LENGTH DATA ELEMENTS--GENERAL INFORMATION
fixed length control field 230626s2023 pl abho |001 0 pol c
009 - PHYSICAL DESCRIPTION FIXED-FIELD FOR ARCHIVAL COLLECTION (VM) [OBSOLETE]
fixed length control field b1000002954368
015 ## - NATIONAL BIBLIOGRAPHY NUMBER
National bibliography number UWD 2023/24704
020 ## - INTERNATIONAL STANDARD BOOK NUMBER
International Standard Book Number 9788308081266
Qualifying information (oprawa miękka) :
Terms of availability zł 59,90
035 ## - SYSTEM CONTROL NUMBER
System control number (PL)b1000002954368
035 ## - SYSTEM CONTROL NUMBER
System control number (EXLNZ-48OMNIS_NETWORK)9913267363005606
040 ## - CATALOGING SOURCE
Original cataloging agency WA 392
Transcribing agency WA 392
Modifying agency WA 392
-- MBPWR
-- WA N
-- KR U
-- LUBL KUL
-- OLSZT W
-- WA 392
-- ELBLAG M
-- ZDU_1
-- WR M
-- WA M
045 2# - TIME PERIOD OF CONTENT
Formatted 9999 B.C. through C.E. time period d0966
-- d2022
046 ## - SPECIAL CODED DATES
Beginning or single date created 2023
080 ## - UNIVERSAL DECIMAL CLASSIFICATION NUMBER
Field link and sequence number 1.1\x
Universal Decimal Classification number 94(438)
080 ## - UNIVERSAL DECIMAL CLASSIFICATION NUMBER
Field link and sequence number 1.2\x
Universal Decimal Classification number 556.53
080 ## - UNIVERSAL DECIMAL CLASSIFICATION NUMBER
Field link and sequence number 1.3\x
Universal Decimal Classification number 656.62
084 ## - OTHER CLASSIFICATION NUMBER
Classification number 02
100 1# - MAIN ENTRY--PERSONAL NAME
Personal name Chwalba, Andrzej
Dates associated with a name (1949- )
Relator term Autor
245 10 - TITLE STATEMENT
Title Wisła :
Remainder of title biografia rzeki /
Statement of responsibility, etc. Andrzej Chwalba.
246 30 - VARYING FORM OF TITLE
Title proper/short title Biografia rzeki
250 ## - EDITION STATEMENT
Edition statement Wydanie pierwsze.
260 ## - PUBLICATION, DISTRIBUTION, ETC.
Place of publication, distribution, etc. Kraków :
Name of publisher, distributor, etc. Wydawnictwo Literackie,
Date of publication, distribution, etc. 2023.
300 ## - PHYSICAL DESCRIPTION
Extent 405, [3] strony :
Other physical details faksymilia, fotografie, ilustracje, mapy ;
Dimensions 21 cm.
336 ## - CONTENT TYPE
Content type term Tekst
Content type code txt
Source rdacontent
337 ## - MEDIA TYPE
Media type term Bez urządzenia pośredniczącego
Media type code n
Source rdamedia
338 ## - CARRIER TYPE
Carrier type term Wolumin
Carrier type code nc
Source rdacarrier
380 ## - FORM OF WORK
Form of work Książki
380 ## - FORM OF WORK
Form of work Publikacje popularnonaukowe
388 1# - TIME PERIOD OF CREATION
Time period of creation term 2001-
504 ## - BIBLIOGRAPHY, ETC. NOTE
Bibliography, etc. note Bibliografia na stronach 386-389. Indeksy.
530 ## - ADDITIONAL PHYSICAL FORM AVAILABLE NOTE
Additional physical form available note Książka dostępna także jako e-book.
648 #7 - SUBJECT ADDED ENTRY--CHRONOLOGICAL TERM
Chronological term 901-1000
Source of heading or term DBN
648 #7 - SUBJECT ADDED ENTRY--CHRONOLOGICAL TERM
Chronological term 1001-1100
Source of heading or term DBN
648 #7 - SUBJECT ADDED ENTRY--CHRONOLOGICAL TERM
Chronological term 1101-1200
Source of heading or term DBN
648 #7 - SUBJECT ADDED ENTRY--CHRONOLOGICAL TERM
Chronological term 1201-1300
Source of heading or term DBN
648 #7 - SUBJECT ADDED ENTRY--CHRONOLOGICAL TERM
Chronological term 1301-1400
Source of heading or term DBN
648 #7 - SUBJECT ADDED ENTRY--CHRONOLOGICAL TERM
Chronological term 1401-1500
Source of heading or term DBN
648 #7 - SUBJECT ADDED ENTRY--CHRONOLOGICAL TERM
Chronological term 1501-1600
Source of heading or term DBN
648 #7 - SUBJECT ADDED ENTRY--CHRONOLOGICAL TERM
Chronological term 1601-1700
Source of heading or term DBN
648 #7 - SUBJECT ADDED ENTRY--CHRONOLOGICAL TERM
Chronological term 1701-1800
Source of heading or term DBN
648 #7 - SUBJECT ADDED ENTRY--CHRONOLOGICAL TERM
Chronological term 1801-1900
Source of heading or term DBN
648 #7 - SUBJECT ADDED ENTRY--CHRONOLOGICAL TERM
Chronological term 1901-2000
Source of heading or term DBN
648 #7 - SUBJECT ADDED ENTRY--CHRONOLOGICAL TERM
Chronological term 2001-
Source of heading or term DBN
650 #7 - SUBJECT ADDED ENTRY--TOPICAL TERM
Topical term or geographic name entry element Budowle hydrotechniczne
Source of heading or term DBN
650 #7 - SUBJECT ADDED ENTRY--TOPICAL TERM
Topical term or geographic name entry element Flisacy
Source of heading or term DBN
650 #7 - SUBJECT ADDED ENTRY--TOPICAL TERM
Topical term or geographic name entry element Historia środowiskowa
Source of heading or term DBN
650 #7 - SUBJECT ADDED ENTRY--TOPICAL TERM
Topical term or geographic name entry element Hydrologia
Source of heading or term DBN
650 #7 - SUBJECT ADDED ENTRY--TOPICAL TERM
Topical term or geographic name entry element Regulacja wód płynących
Source of heading or term DBN
650 #7 - SUBJECT ADDED ENTRY--TOPICAL TERM
Topical term or geographic name entry element Odpoczynek
Source of heading or term DBN
650 #7 - SUBJECT ADDED ENTRY--TOPICAL TERM
Topical term or geographic name entry element Powódź
Source of heading or term DBN
650 #7 - SUBJECT ADDED ENTRY--TOPICAL TERM
Topical term or geographic name entry element Rybołówstwo
Source of heading or term DBN
650 #7 - SUBJECT ADDED ENTRY--TOPICAL TERM
Topical term or geographic name entry element Rzeki
Source of heading or term DBN
650 #7 - SUBJECT ADDED ENTRY--TOPICAL TERM
Topical term or geographic name entry element Transport wodny śródlądowy
Source of heading or term DBN
650 #7 - SUBJECT ADDED ENTRY--TOPICAL TERM
Topical term or geographic name entry element Transport wodny śródlądowy
Source of heading or term DBN
651 #7 - SUBJECT ADDED ENTRY--GEOGRAPHIC NAME
Geographic name Polska
Source of heading or term DBN
651 #7 - SUBJECT ADDED ENTRY--GEOGRAPHIC NAME
Geographic name Warszawa (woj. mazowieckie)
Source of heading or term DBN
651 #7 - SUBJECT ADDED ENTRY--GEOGRAPHIC NAME
Geographic name Wisła (rzeka)
Source of heading or term DBN
655 #7 - INDEX TERM--GENRE/FORM
Genre/form data or focus term Opracowanie
Source of term DBN
658 ## - INDEX TERM--CURRICULUM OBJECTIVE
Main curriculum objective Geografia i nauki o Ziemi
658 ## - INDEX TERM--CURRICULUM OBJECTIVE
Main curriculum objective Historia
658 ## - INDEX TERM--CURRICULUM OBJECTIVE
Main curriculum objective Gospodarka, ekonomia, finanse
658 ## - INDEX TERM--CURRICULUM OBJECTIVE
Main curriculum objective Ochrona środowiska
710 2# - ADDED ENTRY--CORPORATE NAME
Corporate name or jurisdiction name as entry element Wydawnictwo Literackie
Relator term Wydawca
Relationship pbl
942 ## - ADDED ENTRY ELEMENTS (KOHA)
Source of classification or shelving scheme Other/Generic Classification Scheme
Koha item type Books
Suppress in OPAC No
Holdings
Withdrawn status Lost status Source of classification or shelving scheme Damaged status Not for loan Home library Current library Date acquired Total checkouts Full call number Date last seen Price effective from Koha item type
    Other/Generic Classification Scheme   Not for loan Józef Piłsudski Institute Józef Piłsudski Institute 04/13/2026   K 1852 04/13/2026 04/13/2026 Books